Final Fantasy X - Test your Knowledge - Statistics

General Stats
  • This quiz has been taken 303 times
    302 since last reset
  • The average score is 28 of 61
Answer Stats
Hint Answer % Correct
Summoner Character Yuna
100%
Guardian with Dolls Lulu
99%
Blitzball Guardian Wakka
98%
Al Bhed Guardian Rikku
97%
Main Protagonist Tidus
97%
Famous Guardian Auron
96%
Dragon Summon Bahamut
92%
Fire Summon Ifrit
92%
Ice Summon Shiva
92%
Ronso Guardian Kimarhi Ronso
87%
Samurai Summon Yojimbo
81%
Oblivion Summon Anima
80%
Lightning Summon Ixion
79%
Flying Summon Valefor
79%
Sibling Summons Magus Sisters
70%
Six Blitzball Teams Besaid Aurochs
65%
Seymour Guado
59%
Braska
58%
Luca Goers
54%
Nine Fayth Locations Besaid Temple
51%
Bevelle
51%
Kilika Temple
47%
Calm Land Striding Creature Chocobo
45%
Moonflow Crossing Creature Shoopuf
45%
Five High Summoners Yunalesca
45%
Four Maesters Yo Mika
44%
Al Bhed Psyches
43%
Creatures Tending the Farplane Guado
42%
Macalania Temple
42%
Zanarkand
41%
Djose Temple
40%
Kilika Beasts
40%
Faithful Companion of ^ Daigoro
37%
Godhand
37%
Onion Knight
37%
Masamune
36%
Ronso Fangs
36%
Nirvana
35%
Guado Glories
32%
Wenn Kinoc
31%
World Champion
31%
Baaj Temple
29%
Seven Celestial Weapons Caladbolg
28%
Flux
25%
Kelk Ronso
24%
Remiem Temple
23%
Riders of ^ Hypello
22%
Spirit Lance
22%
Ohalland
16%
Omnis
16%
Mi'ihen Sinspawn Sinspawn Gui
16%
Seymour's Three Transformation Natus
14%
Chamber of the Stolen Fayth
12%
Lulu's Former Summoners Father Zuke
12%
Lady Ginnem
11%
Gandof
9%
Zanarkand Sinspawn Sinspawn Ammes
8%
Yocun
8%
Plantlike Sinspawn Sinspawn Geneaux
6%
S.S. Liki Sinspawn Sinspawn Echuilles
3%
Sin's Back Sinspawn Sinspawn Genais
2%
No matching quizzes found
Score Distribution
Percent of People with Each Score
Percentile by Number Answered
Your Score History
You have not taken this quiz since the last reset